Fruits and vegetables : (Record no. 64273)
[ view plain ]
| 000 -LEADER | |
|---|---|
| fixed length control field | 00981nam a2200253 a 4500 |
| 001 - CONTROL NUMBER | |
| control field | 64273 |
| 003 - CONTROL NUMBER IDENTIFIER | |
| rucl marc code | BD-RjUL |
| 005 - DATE AND TIME OF LATEST TRANSACTION | |
| control field | 20211209081304.0 |
| 008 - FIXED-LENGTH DATA ELEMENTS--GENERAL INFORMATION | |
| fixed length control field | 170212s1952 it a|||| ||||o000 0 eng d |
| 035 ## - SYSTEM CONTROL NUMBER | |
| System control number | (BD-RjUL)64403 |
| 040 ## - CATALOGING SOURCE | |
| Original cataloging agency | BD-RjUL |
| Language of cataloging | eng |
| Transcribing agency | BD-RjUL |
| 041 ## - LANGUAGE CODE | |
| Language code of text/sound track or separate title | eng |
| 082 ## - DEWEY DECIMAL CLASSIFICATION NUMBER | |
| Edition number | 23 |
| Classification number | 338.17 |
| Author mark and year | FRU 1952 |
| 245 ## - TITLE STATEMENT | |
| Title | Fruits and vegetables : |
| Remainder of title | production, trade and policies in Europe, 1947-1951 / |
| Statement of responsibility, etc. | Food and Agriculture Organization of the United Nations. |
| 260 ## - PUBLICATION, DISTRIBUTION, ETC. (IMPRINT) | |
| Place of publication, distribution, etc. | Rome, Italy : |
| Name of publisher, distributor, etc. | Food and Agriculture Organization of the United Nations, |
| Date of publication, distribution, etc. | [1952] |
| 300 ## - PHYSICAL DESCRIPTION | |
| Pagination | 143 pages ; |
| Size | 33 cm. |
| 490 ## - SERIES STATEMENT | |
| Series statement | FAO commodity series., |
| Volume/sequential designation | Bulletin ; no. 23. |
| 650 ## - SUBJECT ADDED ENTRY--TOPICAL TERM | |
| Topical term or geographic name as entry element | Fruit trade |
| Form subdivision | Statistics |
| Geographic subdivision | Europe |
| 9 (RLIN) | 190883 |
| Topical term or geographic name as entry element | Vegetable trade |
| Form subdivision | Statistics. |
| Geographic subdivision | Europe |
| 9 (RLIN) | 190884 |
| Topical term or geographic name as entry element | Fruit trade. |
| 9 (RLIN) | 190885 |
| 710 ## - ADDED ENTRY--CORPORATE NAME | |
| Corporate name or jurisdiction name as entry element | Food and Agriculture Organization of the United Nations. |
| 9 (RLIN) | 174068 |
| 830 ## - SERIES ADDED ENTRY--UNIFORM TITLE | |
| Uniform title | FAO commodity series., |
| Volume number/sequential designation | Bulletin ; no. 23. |
| 942 ## - ADDED ENTRY ELEMENTS (KOHA) | |
| Source of classification or shelving scheme | Dewey Decimal Classification |
| Koha item type | Books |
| Lost status | Source of classification or shelving scheme | Damaged status | Not for loan | Collection code | Permanent Location | Current Location | Shelving location | Date acquired | Source of acquisition | Cost, normal purchase price | Total Checkouts | Full call number | Date last seen | Copy number | Koha item type |
|---|---|---|---|---|---|---|---|---|---|---|---|---|---|---|---|
| Dewey Decimal Classification | Not For Loan | Non-fiction | Central Library, University of Rajshahi | Central Library, University of Rajshahi | Reading Room | 30/10/1957 | Thomas & Thomas | 1.00 | 338.17 FRU 1952 | 12/02/2017 | C-1 | Books |